000 00586nam a2200265Ia 4500
005 20260306164243.0
008 008 260114s9999 xx 000 0 eng d
020 _a9780823235315
037 _aEBOOK
040 _aCRL
040 _beng
040 _cCRL
041 _2eng
041 _aeng
084 _qCRL
100 _aRiera
_91130293
245 0 _aIntrigues
260 _bFordham University Press
260 _c2011
650 _aPhilosophy
856 _uhttps://academic.oup.com/book/18456
942 _cEBOOK
999 _c1713372
_d1713372